[Event "Monarch Assurance Isle of Man 9th"]
[Site "Port Erin IOM"]
[Date "2000.10.17"]
[Round "4.4"]
[White "Cooper, Lawrence"]
[Black "Ward, Chris"]
[Result "1/2-1/2"]
[WhiteElo "2345"]
[BlackElo "2510"]
[PlyCount "93"]
[EventDate "2000.10.14"]
[EventType "swiss"]
[EventRounds "9"]
[EventCountry "IOM"]
[SourceTitle "BritBase"]
[SourceDate "2008.07.14"]
[SourceVersion "1"]
[SourceVersionDate "2008.07.14"]
[SourceQuality "2"]

1. e4 c5 2. c3 Nf6 3. e5 Nd5 4. g3 e6 5. Bg2 c4 6. d4 cxd3 7. Qxd3 b6 8. c4 Qc7
9. Nd2 Nb4 10. Qc3 Bb7 11. Bxb7 Qxb7 12. Ngf3 b5 13. b3 bxc4 14. bxc4 N8a6 15.
O-O Rc8 16. Nd4 Be7 17. a3 Nc6 18. Nb5 Nc5 19. Rb1 Qa8 20. Qe3 O-O 21. Bb2 Na4
22. Ba1 a6 23. Nd6 Bxd6 24. exd6 f6 25. Rfc1 Na5 26. c5 Qd5 27. Ne4 Nc4 28. Qd4
Nxc5 29. Nxf6+ gxf6 30. Rxc4 Qxd4 31. Bxd4 Ne4 32. Rc7 e5 33. Be3 Nxd6 34. Rxd7
Rfd8 35. Rxd8+ Rxd8 36. Rb6 a5 37. Ra6 Nc4 38. Rxf6 Nxe3 39. fxe3 Rd3 40. e4
Rxa3 41. Rf5 Ra2 42. Rxe5 Kf7 43. g4 a4 44. Ra5 a3 45. Ra6 Re2 46. Rxa3 Rxe4
47. h3 1/2-1/2

[Event "Monarch Assurance Isle of Man 9th"]
[Site "Port Erin IOM"]
[Date "2000.10.17"]
[Round "4.5"]
[White "Akesson, Ralf"]
[Black "Marusenko, Petr"]
[Result "1-0"]
[WhiteElo "2486"]
[BlackElo "2327"]
[PlyCount "71"]
[EventDate "2000.10.14"]
[EventType "swiss"]
[EventRounds "9"]
[EventCountry "IOM"]
[SourceTitle "BritBase"]
[SourceDate "2008.07.14"]
[SourceVersion "1"]
[SourceVersionDate "2008.07.14"]
[SourceQuality "2"]

1. Nf3 Nf6 2. c4 e6 3. g3 d5 4. Bg2 d4 5. O-O Be7 6. e3 Nc6 7. exd4 Nxd4 8.
Nxd4 Qxd4 9. d3 O-O 10. Nc3 Rd8 11. Nb5 Qd7 12. Bf4 Ne8 13. Qa4 Bf6 14. Rad1
Bxb2 15. d4 c6 16. Na3 c5 17. Nb5 Bxd4 18. Qc2 f6 19. Be4 g6 20. Rfe1 e5 21.
Bd5+ Kg7 22. Bc1 Nc7 23. Nxd4 cxd4 24. Bg2 Qe7 25. f4 Bf5 26. Qb3 e4 27. Ba3
Qe6 28. Qxb7 Rac8 29. Bxe4 Bxe4 30. Rxe4 Qxc4 31. Re7+ Kg8 32. Rc1 Qd5 33.
Rcxc7 Rxc7 34. Qxc7 d3 35. Rg7+ Kh8 36. Rxh7+ 1-0

[Event "Monarch Assurance Isle of Man 9th"]
[Site "Port Erin IOM"]
[Date "2000.10.17"]
[Round "4.6"]
[White "Peters, Stephen"]
[Black "Arkell, Keith"]
[Result "1/2-1/2"]
[WhiteElo "2157"]
[BlackElo "2481"]
[PlyCount "148"]
[EventDate "2000.10.14"]
[EventType "swiss"]
[EventRounds "9"]
[EventCountry "IOM"]
[SourceTitle "BritBase"]
[SourceDate "2008.07.14"]
[SourceVersion "1"]
[SourceVersionDate "2008.07.14"]
[SourceQuality "2"]

1. d4 e6 2. c4 Bb4+ 3. Nc3 c5 4. e3 f5 5. Bd3 Bxc3+ 6. bxc3 Nf6 7. Ne2 d6 8.
O-O e5 9. f3 Nc6 10. Qe1 O-O 11. d5 e4 12. dxc6 exd3 13. cxb7 Bxb7 14. Nf4 Ba6
15. Nxd3 Bxc4 16. Qd2 Qe7 17. Re1 Qe6 18. Nf2 d5 19. Nd3 Rfc8 20. Nb2 Ba6 21.
Qc2 Rab8 22. Bd2 Nd7 23. c4 dxc4 24. e4 fxe4 25. Rxe4 Qg6 26. Bc3 Nf6 27. Re2
Qxc2 28. Rxc2 Rc6 29. Rd1 h6 30. Kf2 Bb5 31. Be5 Re8 32. Bxf6 Rxf6 33. a4 Ba6
34. Nxc4 Rf4 35. Rdc1 Rd4 36. a5 h5 37. h4 Re6 38. Ne3 Rd3 39. Nc4 Kh7 40. Rb2
Rd4 41. Rbc2 Rxh4 42. Ne3 Rd4 43. Nf5 Rd5 44. Rxc5 Re2+ 45. Kg1 Ree5 46. Rxd5
Rxd5 47. g4 Rd7 48. Rc5 hxg4 49. fxg4 Be2 50. Ne3 a6 51. Kf2 Bb5 52. Nd5 Rd6
53. Kg3 g5 54. Nc7 Bd3 55. Rxg5 Rc6 56. Nd5 Bb5 57. Rf5 Kg7 58. Kf4 Rc4+ 59.
Kg3 Bd7 60. Nb6 Bxf5 61. Nxc4 Be6 62. Ne3 Kf6 63. Kf4 Bf7 64. g5+ Ke6 65. Ng4
Bg6 66. Ne5 Bb1 67. Nc6 Bd3 68. Nb4 Bf1 69. Ke4 Bg2+ 70. Kd4 Bf1 71. Kc5 Kf5
72. Kb6 Kxg5 73. Nxa6 Kf6 74. Nc7 Ke7 1/2-1/2

[Event "Monarch Assurance Isle of Man 9th"]
[Site "Port Erin IOM"]
[Date "2000.10.17"]
[Round "4.7"]
[White "Rayner, Francis"]
[Black "Arakhamia-Grant, Ketevan"]
[Result "0-1"]
[WhiteElo "2256"]
[BlackElo "2405"]
[PlyCount "60"]
[EventDate "2000.10.14"]
[EventType "swiss"]
[EventRounds "9"]
[EventCountry "IOM"]
[SourceTitle "BritBase"]
[SourceDate "2008.07.14"]
[SourceVersion "1"]
[SourceVersionDate "2008.07.14"]
[SourceQuality "2"]

1. e4 c5 2. Nc3 e6 3. Nf3 d6 4. g3 Nf6 5. Bg2 Be7 6. O-O O-O 7. d4 cxd4 8. Nxd4
a6 9. b3 Qc7 10. Bb2 Nbd7 11. Kh1 Rd8 12. f4 Nc5 13. Qe2 d5 14. e5 Nfe4 15.
Nxe4 dxe4 16. Rab1 b5 17. f5 exf5 18. Nxf5 Bf8 19. Qh5 Be6 20. Nd6 b4 21. Nxe4
Nxe4 22. Bxe4 g6 23. Qf3 Rac8 24. Rbd1 Qa5 25. Bd4 Rd7 26. Qe3 Qb5 27. Rf2 Rcd8
28. Rfd2 Bh6 29. Qxh6 Rxd4 30. Qf4 Rxd2 0-1

[Event "Monarch Assurance Isle of Man 9th"]
[Site "Port Erin IOM"]
[Date "2000.10.17"]
[Round "4.8"]
[White "Quinn, Mark"]
[Black "Allen, Keith"]
[Result "1/2-1/2"]
[WhiteElo "2381"]
[BlackElo "2250"]
[PlyCount "136"]
[EventDate "2000.10.14"]
[EventType "swiss"]
[EventRounds "9"]
[EventCountry "IOM"]
[SourceTitle "BritBase"]
[SourceDate "2008.07.14"]
[SourceVersion "1"]
[SourceVersionDate "2008.07.14"]
[SourceQuality "2"]

1. c4 e5 2. g3 Nf6 3. Bg2 Nc6 4. Nc3 Bb4 5. Nf3 O-O 6. O-O e4 7. Ng5 Bxc3 8.
bxc3 Re8 9. f3 e3 10. d3 d5 11. Qb3 Na5 12. Qa3 c6 13. cxd5 cxd5 14. f4 Bg4 15.
Nf3 Bxf3 16. Bxf3 h5 17. Rb1 Rc8 18. Rb4 b6 19. f5 Qd6 20. Bb2 Nc6 21. Rh4 Qxa3
22. Bxa3 Ne5 23. Bb2 Nxf3+ 24. Rxf3 Rc5 25. h3 a5 26. Rf1 b5 27. a3 Nd7 28.
Rxh5 d4 29. c4 bxc4 30. Bxd4 Rd5 31. Rh4 cxd3 32. exd3 e2 33. Re1 Rxf5 34. Kg2
Nc5 35. Bxc5 Rxc5 36. Rd4 Rce5 37. Kf3 f5 38. Kf2 Kf7 39. Rc4 Rd8 40. Rxe2 Red5
41. Rc7+ Kf6 42. Rc6+ Kf7 43. Ra6 R8d7 44. Re3 Rc7 45. Kf3 Rc1 46. Ra7+ Kf6 47.
Rae7 Rxd3 48. Rxd3 Kxe7 49. Kf4 Ke6 50. Kg5 Rc5 51. Kg6 a4 52. Re3+ Re5 53. Rf3
Rb5 54. g4 fxg4 55. hxg4 Rb3 56. Rf4 Rxa3 57. g5 Ke5 58. Rb4 Kd5 59. Kxg7 Kc5
60. Rg4 Kb5 61. g6 Rc3 62. Kf6 Rc8 63. g7 a3 64. g8=Q Rxg8 65. Rxg8 Kb4 66. Ra8
Kb3 67. Ke5 a2 68. Kd4 Kb2 1/2-1/2

[Event "Monarch Assurance Isle of Man 9th"]
[Site "Port Erin IOM"]
[Date "2000.10.17"]
[Round "4.9"]
[White "Sutovsky, Emil"]
[Black "Reinemer, Frank"]
[Result "1-0"]
[WhiteElo "2609"]
[BlackElo "2186"]
[PlyCount "65"]
[EventDate "2000.10.14"]
[EventType "swiss"]
[EventRounds "9"]
[EventCountry "IOM"]
[SourceTitle "BritBase"]
[SourceDate "2008.07.14"]
[SourceVersion "1"]
[SourceVersionDate "2008.07.14"]
[SourceQuality "2"]

1. e4 Nf6 2. e5 Nd5 3. d4 d6 4. Nf3 g6 5. Bc4 Nb6 6. Bb3 Bg7 7. a4 a5 8. Ng5 e6
9. f4 Nc6 10. c3 Bd7 11. O-O Qe7 12. Ne4 d5 13. Nc5 Nd8 14. Bc2 Nc8 15. b3 b6
16. Nd3 f5 17. exf6 Bxf6 18. Ba3 Nd6 19. Ne5 N8f7 20. c4 c6 21. Qg4 Nh6 22. Qh3
Bg7 23. Nd2 O-O 24. Rae1 Rae8 25. Kh1 b5 26. Bc5 b4 27. Qd3 Nhf7 28. Ndf3 Nh8
29. cxd5 Rxf4 30. dxc6 Bc8 31. Nc4 Ba6 32. Qe3 Bxc4 33. Qxf4 1-0

[Event "Monarch Assurance Isle of Man 9th"]
[Site "Port Erin IOM"]
[Date "2000.10.17"]
[Round "4.10"]
[White "Jackson, Adrian"]
[Black "Plaskett, James"]
[Result "1/2-1/2"]
[WhiteElo "2207"]
[BlackElo "2529"]
[PlyCount "34"]
[EventDate "2000.10.14"]
[EventType "swiss"]
[EventRounds "9"]
[EventCountry "IOM"]
[SourceTitle "BritBase"]
[SourceDate "2008.07.14"]
[SourceVersion "1"]
[SourceVersionDate "2008.07.14"]
[SourceQuality "2"]

1. d4 d6 2. e4 g6 3. Nc3 Bg7 4. Be3 a6 5. Qd2 Nd7 6. f3 b5 7. O-O-O Bb7 8. h4
h5 9. Nh3 Ngf6 10. Ng5 e6 11. a3 Qe7 12. Be2 O-O-O 13. a4 b4 14. Na2 c5 15.
dxc5 dxc5 16. Qd6 Qxd6 17. Rxd6 Bh6 1/2-1/2

[Event "Monarch Assurance Isle of Man 9th"]
[Site "Port Erin IOM"]
[Date "2000.10.17"]
[Round "4.11"]
[White "Valenti, Richard"]
[Black "Gormally, Daniel W"]
[Result "1/2-1/2"]
[WhiteElo "2157"]
[BlackElo "2499"]
[PlyCount "68"]
[EventDate "2000.10.14"]
[EventType "swiss"]
[EventRounds "9"]
[EventCountry "IOM"]
[SourceTitle "BritBase"]
[SourceDate "2008.07.14"]
[SourceVersion "1"]
[SourceVersionDate "2008.07.14"]
[SourceQuality "2"]

1. e4 c5 2. Nf3 d6 3. d3 Nc6 4. g3 g6 5. Bg2 Bg7 6. O-O Nf6 7. Nbd2 O-O 8. a4
d5 9. Re1 dxe4 10. dxe4 Ng4 11. h3 Nge5 12. Nxe5 Nxe5 13. Qe2 Nc6 14. c3 b6 15.
e5 Qc7 16. Nf3 e6 17. Bf4 Bb7 18. h4 Ne7 19. h5 Rad8 20. hxg6 Nxg6 21. Ng5 Bxg2
22. Kxg2 Qc6+ 23. Qf3 Qxf3+ 24. Nxf3 Rd3 25. Bg5 Rd5 26. Bf6 Bxf6 27. exf6 Rfd8
28. Rh1 Rf5 29. Rhd1 Rfd5 30. Rh1 R8d6 31. c4 Rd3 32. a5 e5 33. axb6 Rxb6 34.
Rxa7 Rxf6 1/2-1/2

[Event "Monarch Assurance Isle of Man 9th"]
[Site "Port Erin IOM"]
[Date "2000.10.17"]
[Round "4.12"]
[White "Sedgwick, David"]
[Black "Kosteniuk, Alexandra"]
[Result "0-1"]
[WhiteElo "2091"]
[BlackElo "2398"]
[PlyCount "46"]
[EventDate "2000.10.14"]
[EventType "swiss"]
[EventRounds "9"]
[EventCountry "IOM"]
[SourceTitle "BritBase"]
[SourceDate "2008.07.14"]
[SourceVersion "1"]
[SourceVersionDate "2008.07.14"]
[SourceQuality "2"]

1. e4 c5 2. Bc4 e6 3. Qe2 Nc6 4. c3 Be7 5. d3 d5 6. Bb3 Nf6 7. Bg5 O-O 8. Nf3
b6 9. e5 Nd7 10. Bxe7 Qxe7 11. d4 a5 12. Nbd2 Ba6 13. Qe3 cxd4 14. cxd4 Nb4 15.
O-O-O a4 16. Bc2 Rfc8 17. Ne1 Bd3 18. Nxd3 Nxc2 19. Qg3 Na3+ 20. Nc5 Nb5 21.
Qd3 Na7 22. b4 axb3 23. Ndxb3 bxc5 0-1

[Event "Monarch Assurance Isle of Man 9th"]
[Site "Port Erin IOM"]
[Date "2000.10.17"]
[Round "4.13"]
[White "Palliser, Richard"]
[Black "Yurenok, Maria"]
[Result "1-0"]
[WhiteElo "2322"]
[BlackElo "2058"]
[PlyCount "149"]
[EventDate "2000.10.14"]
[EventType "swiss"]
[EventRounds "9"]
[EventCountry "IOM"]
[SourceTitle "BritBase"]
[SourceDate "2008.07.14"]
[SourceVersion "1"]
[SourceVersionDate "2008.07.14"]
[SourceQuality "2"]

1. d4 d5 2. c4 c6 3. Nf3 Nf6 4. e3 Bf5 5. cxd5 cxd5 6. Qb3 Qc7 7. Nc3 e6 8. Bd2
Nc6 9. Bb5 Be7 10. Rc1 Nd7 11. Ne2 O-O 12. Ng3 Bg6 13. O-O Rfc8 14. Rfe1 a6 15.
Bd3 Bxd3 16. Qxd3 f5 17. Ne2 Qd6 18. Qb3 b5 19. Qc2 Nb6 20. Qd3 b4 21. Rc2 Nc4
22. b3 Na3 23. Rcc1 Qd7 24. Nf4 Nb5 25. Qf1 Nd8 26. Nd3 Nc3 27. Bxc3 bxc3 28.
Rc2 Ba3 29. Nfe5 Qb5 30. Nf4 Qxf1+ 31. Kxf1 Rc7 32. Ke2 Rac8 33. Kd3 a5 34. Ne2
Bb2 35. f3 Nf7 36. Nxf7 Kxf7 37. Rb1 g6 38. Nxc3 Ba3 39. Rf1 Bb4 40. Rfc1 Ba3
41. Nb5 Rxc2 42. Rxc2 Rxc2 43. Kxc2 Bf8 44. Na7 Bd6 45. h3 Ke8 46. Nc6 Bc7 47.
Kd3 g5 48. g4 Kd7 49. Ne5+ Ke8 50. Kc3 Bd6 51. Nc6 Bg3 52. Kd3 fxg4 53. hxg4
Be1 54. Ke2 Bc3 55. Kd3 Be1 56. f4 h6 57. fxg5 hxg5 58. a3 Kf7 59. b4 axb4 60.
axb4 Ke8 61. b5 Bg3 62. Ne5 Kd8 63. Nf7+ Kc7 64. Nxg5 e5 65. dxe5 Bxe5 66. Ne6+
Kd6 67. Nd4 Bf6 68. Ke2 Bd8 69. Kf3 Bf6 70. Kf4 Be5+ 71. Kf5 Bg3 72. g5 Bf2 73.
g6 Ke7 74. Nc6+ Kf8 75. b6 1-0

[Event "Monarch Assurance Isle of Man 9th"]
[Site "Port Erin IOM"]
[Date "2000.10.17"]
[Round "4.14"]
[White "Hill, David F"]
[Black "Bergstrom, Rolf"]
[Result "0-1"]
[WhiteElo "1992"]
[BlackElo "2308"]
[PlyCount "64"]
[EventDate "2000.10.14"]
[EventType "swiss"]
[EventRounds "9"]
[EventCountry "IOM"]
[SourceTitle "BritBase"]
[SourceDate "2008.07.14"]
[SourceVersion "1"]
[SourceVersionDate "2008.07.14"]
[SourceQuality "2"]

1. d4 Nf6 2. c4 e6 3. a3 c5 4. e3 d5 5. Nf3 a6 6. dxc5 Bxc5 7. b4 Be7 8. Bb2
O-O 9. Nbd2 Nc6 10. Be2 b6 11. O-O Bb7 12. Rc1 Rc8 13. Rc2 h6 14. Qa1 dxc4 15.
Nxc4 b5 16. Rd1 Qc7 17. Na5 Qb6 18. Nxb7 Qxb7 19. Rdc1 Na7 20. Nd4 Qd7 21. Nb3
Rxc2 22. Rxc2 Rc8 23. Rxc8+ Qxc8 24. Bd4 Nc6 25. Qc1 Qd7 26. Bc5 Bd8 27. f3 Bc7
28. e4 Be5 29. f4 Nd4 30. Qd1 Nxe2+ 31. Qxe2 Bxf4 32. e5 Bxe5 0-1

[Event "Monarch Assurance Isle of Man 9th"]
[Site "Port Erin IOM"]
[Date "2000.10.17"]
[Round "4.15"]
[White "Garces, Diego"]
[Black "Hughes, Andrew"]
[Result "1-0"]
[WhiteElo "2154"]
[BlackElo "2043"]
[PlyCount "91"]
[EventDate "2000.10.14"]
[EventType "swiss"]
[EventRounds "9"]
[EventCountry "IOM"]
[SourceTitle "BritBase"]
[SourceDate "2008.07.14"]
[SourceVersion "1"]
[SourceVersionDate "2008.07.14"]
[SourceQuality "2"]

1. c4 Nf6 2. Nc3 e6 3. e4 d5 4. e5 Ne4 5. Nxe4 dxe4 6. Qg4 c5 7. Qxe4 Nc6 8.
Nf3 Qd7 9. Be2 b6 10. O-O Bb7 11. Qf4 h6 12. h4 Be7 13. h5 f6 14. Re1 O-O-O 15.
Bd1 Rdf8 16. Qg4 Rhg8 17. Ba4 f5 18. Qg6 Bd8 19. b3 Qf7 20. Qxf7 Rxf7 21. Bb2
g6 22. hxg6 Rxg6 23. Kf1 Nb4 24. Be8 Rfg7 25. Bxg6 Rxg6 26. Rab1 Be4 27. a3
Bxb1 28. Rxb1 Nd3 29. Bc3 Nf4 30. g3 Nh5 31. Ke2 f4 32. Rh1 Ng7 33. gxf4 Nf5
34. Rg1 Rxg1 35. Nxg1 Kd7 36. Nf3 Ke7 37. d4 Kf7 38. d5 h5 39. Ng5+ Bxg5 40.
fxg5 exd5 41. cxd5 h4 42. e6+ Ke8 43. g6 h3 44. Be5 Ke7 45. Kf1 b5 46. g7 1-0

[Event "Monarch Assurance Isle of Man 9th"]
[Site "Port Erin IOM"]
[Date "2000.10.17"]
[Round "4.16"]
[White "Goodger, Martyn"]
[Black "Shepherd, Michael"]
[Result "1/2-1/2"]
[WhiteElo "2148"]
[BlackElo "2035"]
[PlyCount "78"]
[EventDate "2000.10.14"]
[EventType "swiss"]
[EventRounds "9"]
[EventCountry "IOM"]
[SourceTitle "BritBase"]
[SourceDate "2008.07.14"]
[SourceVersion "1"]
[SourceVersionDate "2008.07.14"]
[SourceQuality "2"]

1. e4 c5 2. c3 d6 3. d4 Nf6 4. Bd3 Nc6 5. Ne2 e5 6. d5 Ne7 7. Nd2 a6 8. a4 g6
9. a5 Bg7 10. Nc4 O-O 11. f4 exf4 12. Bxf4 Ne8 13. O-O f6 14. Ng3 Kh8 15. Qb3
Ng8 16. Qb6 Qxb6 17. axb6 Bh6 18. Bxd6 Nxd6 19. Nxd6 Be3+ 20. Kh1 Nh6 21. Rf3
Ng4 22. Raf1 Bg5 23. Nc4 Bd7 24. h3 Nh6 25. e5 f5 26. e6 Ba4 27. d6 Rae8 28. e7
Rf6 29. Be4 Nf7 30. Bxb7 Bb5 31. Bd5 Nxd6 32. Nxd6 Rxd6 33. c4 Rxd5 34. cxd5
Bxf1 35. Rxf1 Rxe7 36. Ra1 Bf4 37. Nf1 Re2 38. g3 Be5 39. Rxa6 Bxb2 1/2-1/2

[Event "Monarch Assurance Isle of Man 9th"]
[Site "Port Erin IOM"]
[Date "2000.10.17"]
[Round "4.17"]
[White "Clark, Stephen P"]
[Black "Schulz, Joerg"]
[Result "1-0"]
[WhiteElo "2133"]
[BlackElo "1600"]
[PlyCount "79"]
[EventDate "2000.10.14"]
[EventType "swiss"]
[EventRounds "9"]
[EventCountry "IOM"]
[SourceTitle "BritBase"]
[SourceDate "2008.07.14"]
[SourceVersion "1"]
[SourceVersionDate "2008.07.14"]
[SourceQuality "2"]

1. d4 d5 2. Nf3 Nf6 3. Bf4 e6 4. e3 Nbd7 5. Nbd2 c5 6. c3 Qb6 7. Rb1 Bd6 8. Ne5
O-O 9. Bd3 Qc7 10. Ndf3 h6 11. O-O b6 12. Bb5 a6 13. Qa4 Re8 14. Rfc1 c4 15. b3
axb5 16. Qxa8 Bb7 17. Qxe8+ Nxe8 18. bxc4 bxc4 19. Nxd7 Bxf4 20. exf4 Qxd7 21.
Rxb6 Nd6 22. Rcb1 f6 23. a4 Bc6 24. a5 Nb5 25. a6 Qc7 26. R6xb5 Bxb5 27. Rxb5
Qa7 28. Ra5 Qb6 29. Ra1 Qa7 30. Ne1 e5 31. fxe5 fxe5 32. Nf3 e4 33. Ne5 Kf8 34.
Nc6 Qa8 35. a7 Ke8 36. Rb1 Qxc6 37. Rb8+ Kf7 38. a8=Q Qe6 39. Qa7+ Kg6 40. Rb6
1-0

[Event "Monarch Assurance Isle of Man 9th"]
[Site "Port Erin IOM"]
[Date "2000.10.17"]
[Round "4.18"]
[White "Johnson, Paul A"]
[Black "Benson, Paul"]
[Result "1-0"]
[WhiteElo "1728"]
[BlackElo "2011"]
[PlyCount "115"]
[EventDate "2000.10.14"]
[EventType "swiss"]
[EventRounds "9"]
[EventCountry "IOM"]
[SourceTitle "BritBase"]
[SourceDate "2008.07.14"]
[SourceVersion "1"]
[SourceVersionDate "2008.07.14"]
[SourceQuality "2"]

1. d4 f5 2. Nf3 Nf6 3. c4 g6 4. Nc3 Bg7 5. Qc2 d6 6. g3 O-O 7. Bg2 Nc6 8. O-O
e5 9. dxe5 dxe5 10. Rd1 Qe7 11. Bg5 Be6 12. Nd5 Qf7 13. Nxf6+ Bxf6 14. Bxf6
Qxf6 15. e3 g5 16. Rd2 h5 17. h4 g4 18. Ng5 e4 19. Rad1 Rad8 20. Bf1 Rxd2 21.
Rxd2 Kg7 22. Qc3 Qxc3 23. Nxe6+ Kf6 24. bxc3 Kxe6 25. Be2 Rd8 26. Rxd8 Nxd8 27.
Kf1 Kd6 28. Ke1 Kc5 29. Kd2 Nc6 30. Kc2 Ne5 31. Kd2 a5 32. Kc2 c6 33. Kd2 Nxc4+
34. Kc2 a4 35. Kc1 b5 36. Kc2 Nb6 37. Kd2 Nd5 38. Kc2 b4 39. cxb4+ Kxb4 40. Kb2
Nb6 41. a3+ Kc5 42. Kc3 Nd5+ 43. Kc2 Nb6 44. Kc3 Nd7 45. Bc4 Ne5 46. Be6 Nd3
47. Bxf5 Nxf2 48. Bg6 Nh1 49. Bxh5 Nxg3 50. Bxg4 Nf1 51. Bf5 Nxe3 52. Bxe4 Ng4
53. h5 Nf6 54. Bf3 Kb5 55. h6 c5 56. Be2+ Kc6 57. Kc4 Kd6 58. Bd3 1-0

[Event "Monarch Assurance Isle of Man 9th"]
[Site "Port Erin IOM"]
[Date "2000.10.17"]
[Round "4.19"]
[White "Hickman, John"]
[Black "Rattray, Ross"]
[Result "1-0"]
[WhiteElo "2121"]
[BlackElo "2109"]
[PlyCount "85"]
[EventDate "2000.10.14"]
[EventType "swiss"]
[EventRounds "9"]
[EventCountry "IOM"]
[SourceTitle "BritBase"]
[SourceDate "2008.07.14"]
[SourceVersion "1"]
[SourceVersionDate "2008.07.14"]
[SourceQuality "2"]

1. Nf3 c5 2. g3 g6 3. Bg2 Bg7 4. O-O Nc6 5. d3 d5 6. Nbd2 e5 7. e4 d4 8. a4 Bg4
9. h3 Be6 10. Nc4 Qd7 11. Ng5 Bxc4 12. dxc4 h6 13. Nf3 f5 14. Nh4 Nge7 15. exf5
gxf5 16. Qh5+ Kd8 17. Qf7 Rg8 18. Bd5 Kc7 19. Be6 Nd8 20. Qxg8 Nxe6 21. Qxa8
Nc8 22. Bd2 f4 23. Ba5+ Kc6 24. Qb8 b6 25. Qa8+ Kc7 26. Bd2 Ng5 27. Qg2 Nxh3+
28. Kh2 Ng5 29. gxf4 Ne6 30. f5 Nf4 31. Bxf4 exf4 32. Qg6 Qe7 33. Nf3 Nd6 34.
Rae1 Qd7 35. Rg1 Bf8 36. Qe6 Qc6 37. Qd5 Qxa4 38. b3 Qd7 39. Re6 Qf7 40. Kg2
Qh5 41. f6 Qg6+ 42. Kf1 Qxc2 43. Rg7+ 1-0

[Event "Monarch Assurance Isle of Man 9th"]
[Site "Port Erin IOM"]
[Date "2000.10.17"]
[Round "4.20"]
[White "Ellison, D George"]
[Black "Nicholson, John"]
[Result "1-0"]
[WhiteElo "2100"]
[BlackElo "2021"]
[PlyCount "63"]
[EventDate "2000.10.14"]
[EventType "swiss"]
[EventRounds "9"]
[EventCountry "IOM"]
[SourceTitle "BritBase"]
[SourceDate "2008.07.14"]
[SourceVersion "1"]
[SourceVersionDate "2008.07.14"]
[SourceQuality "2"]

1. e4 c5 2. Nf3 Nc6 3. d4 cxd4 4. Nxd4 Nf6 5. Nc3 e5 6. Ndb5 d6 7. Bg5 a6 8.
Na3 Be6 9. Nc4 b5 10. Bxf6 gxf6 11. Ne3 Bh6 12. Ncd5 Bxe3 13. Nxe3 Ne7 14. a4
bxa4 15. Rxa4 d5 16. Nxd5 Nxd5 17. exd5 Qxd5 18. Qxd5 Bxd5 19. f3 a5 20. Bd3
Ke7 21. Kf2 Rhb8 22. b3 Bc6 23. Rh4 a4 24. bxa4 Rxa4 25. Rxa4 Bxa4 26. Bxh7 Ke6
27. g4 Kd5 28. h4 Kd4 29. h5 Kc3 30. h6 Rh8 31. Be4 Bd7 32. h7 1-0

[Event "Monarch Assurance Isle of Man 9th"]
[Site "Port Erin IOM"]
[Date "2000.10.17"]
[Round "4.21"]
[White "Spanton, Tim"]
[Black "Van Kemenade, Rudy"]
[Result "1/2-1/2"]
[WhiteElo "2081"]
[BlackElo "2080"]
[PlyCount "98"]
[EventDate "2000.10.14"]
[EventType "swiss"]
[EventRounds "9"]
[EventCountry "IOM"]
[SourceTitle "BritBase"]
[SourceDate "2008.07.14"]
[SourceVersion "1"]
[SourceVersionDate "2008.07.14"]
[SourceQuality "2"]

1. c4 g6 2. g3 Bg7 3. Bg2 d6 4. Nc3 Nc6 5. e4 e5 6. Nge2 h5 7. d3 h4 8. h3 Nd4
9. Nxd4 exd4 10. Nd5 c6 11. Nf4 Nf6 12. b4 a5 13. Bb2 Qb6 14. b5 Nd7 15. bxc6
bxc6 16. Ba3 Be5 17. Rb1 Qc7 18. Qd2 Kf8 19. g4 Kg7 20. Ne2 Rb8 21. O-O Rxb1
22. Rxb1 Kh7 23. f4 Bg7 24. Qe1 Kg8 25. Bb2 Nc5 26. Qd1 f5 27. exf5 gxf5 28.
Nxd4 fxg4 29. hxg4 Qe7 30. Nf5 Bxf5 31. Bxg7 Qe3+ 32. Kh1 Nxd3 33. Rb8+ Kxg7
34. Qa1+ Kf7 35. Rb7+ Bd7 36. Rxd7+ Ke6 37. Re7+ Kxe7 38. Qg7+ Kd8 39. Qxh8+
Kc7 40. Qxh4 Nf2+ 41. Kh2 Qxf4+ 42. Kg1 Nxg4 43. Qe7+ Kb6 44. Qd8+ Kc5 45.
Qxa5+ Kd4 46. Qb6+ Ke5 47. Qb2+ Kf5 48. Qe2 Qd4+ 49. Kh1 Qh8+ 1/2-1/2

[Event "Monarch Assurance Isle of Man 9th"]
[Site "Port Erin IOM"]
[Date "2000.10.18"]
[Round "5.1"]
[White "Hebden, Mark"]
[Black "Cherniaev, Alexander"]
[Result "1-0"]
[WhiteElo "2505"]
[BlackElo "2454"]
[PlyCount "97"]
[EventDate "2000.10.14"]
[EventType "swiss"]
[EventRounds "9"]
[EventCountry "IOM"]
[SourceTitle "BritBase"]
[SourceDate "2008.07.14"]
[SourceVersion "1"]
[SourceVersionDate "2008.07.14"]
[SourceQuality "2"]

1. d4 d5 2. c4 c6 3. Nf3 e6 4. Bg5 Be7 5. Bxe7 Qxe7 6. e3 Nf6 7. Nc3 Nbd7 8.
Rc1 O-O 9. Bd3 Rd8 10. Qc2 b6 11. cxd5 exd5 12. O-O Bb7 13. Rfd1 c5 14. Bf5 c4
15. b3 a6 16. a4 g6 17. Bh3 h5 18. g3 Rac8 19. Bg2 Qb4 20. Nd2 cxb3 21. Qxb3
Qxb3 22. Nxb3 Ne4 23. Nxe4 dxe4 24. Nd2 Nf6 25. Rxc8 Rxc8 26. Rb1 b5 27. axb5
axb5 28. Rxb5 Rc1+ 29. Bf1 Bd5 30. Rb2 Kg7 31. Kg2 Be6 32. Nb3 Re1 33. Nd2 Rc1
34. Be2 Bf5 35. h3 Be6 36. Nb3 Bxb3 37. Rxb3 Rc2 38. Ba6 Nd5 39. Bb7 Nc3 40. g4
hxg4 41. hxg4 Nd1 42. Bxe4 Rxf2+ 43. Kg3 Re2 44. Kf4 g5+ 45. Kxg5 Nxe3 46. Bf3
Re1 47. Rc3 Nf1 48. Kf4 Nd2 49. Bd5 1-0

[Event "Monarch Assurance Isle of Man 9th"]
[Site "Port Erin IOM"]
[Date "2000.10.18"]
[Round "5.2"]
[White "Sherbakov, Ruslan"]
[Black "Akesson, Ralf"]
[Result "1/2-1/2"]
[WhiteElo "2558"]
[BlackElo "2486"]
[PlyCount "39"]
[EventDate "2000.10.14"]
[EventType "swiss"]
[EventRounds "9"]
[EventCountry "IOM"]
[SourceTitle "BritBase"]
[SourceDate "2008.07.14"]
[SourceVersion "1"]
[SourceVersionDate "2008.07.14"]
[SourceQuality "2"]

1. d4 Nf6 2. c4 g6 3. Nc3 d5 4. cxd5 Nxd5 5. e4 Nxc3 6. bxc3 Bg7 7. Be3 c5 8.
Qd2 Qa5 9. Rb1 b6 10. Bb5+ Bd7 11. Be2 Bc6 12. f3 Nd7 13. Nh3 O-O 14. Nf2 e6
15. Rc1 Bb7 16. Nd3 Rfd8 17. Bg5 Rdc8 18. Be3 Rd8 19. Bg5 Rdc8 20. Be3 1/2-1/2

[Event "Monarch Assurance Isle of Man 9th"]
[Site "Port Erin IOM"]
[Date "2000.10.18"]
[Round "5.3"]
[White "Arakhamia-Grant, Ketevan"]
[Black "Kiriakov, Petr"]
[Result "1/2-1/2"]
[WhiteElo "2405"]
[BlackElo "2525"]
[PlyCount "82"]
[EventDate "2000.10.14"]
[EventType "swiss"]
[EventRounds "9"]
[EventCountry "IOM"]
[SourceTitle "BritBase"]
[SourceDate "2008.07.14"]
[SourceVersion "1"]
[SourceVersionDate "2008.07.14"]
[SourceQuality "2"]

1. e4 e6 2. d4 d5 3. Nc3 Nf6 4. e5 Nfd7 5. f4 c5 6. Nf3 Nc6 7. Be3 a6 8. Qd2 b5
9. dxc5 Bxc5 10. Bxc5 Nxc5 11. Qf2 Qb6 12. Bd3 Rb8 13. O-O Nb4 14. Rfd1 Na4 15.
Nxa4 Qxf2+ 16. Kxf2 bxa4 17. b3 Ke7 18. Nd4 Bd7 19. Bf1 Rhc8 20. Rd2 a5 21. c4
axb3 22. axb3 a4 23. cxd5 Nxd5 24. bxa4 Nc3 25. Kf3 Nxa4 26. g4 Rb4 27. g5 Rc3+
28. Kg4 Rc5 29. Bg2 f6 30. gxf6+ gxf6 31. exf6+ Kxf6 32. Kg3 Rc3+ 33. Kf2 Nc5
34. Ne2 Rcb3 35. Rad1 Ba4 36. Rd4 Rxd4 37. Rxd4 Nd3+ 38. Kg1 Bb5 39. Ng3 Rb1+
40. Bf1 Nc5 41. Kf2 Bxf1 1/2-1/2